000 00673nam a2200217Ia 4500
005 20241129120108.0
008 241129s9999||||xx |||||||||||||| ||und||
020 _a9781032380056
037 _aTB
040 _aSDCL
_beng
_cSDCL
041 _aeng
_2eng
084 _aX:87:(G:55), R4
_qSDCL
100 _aMackie Doug Ed.
_9729118
245 0 _aHandbook of climate change leadership in organisations: Developing leadership for the age of sustainability
260 _aLondon
_bRoutledge
_c2024
300 _axxii,437p.
365 _aGBP
_b44.99
650 _aBusiness Economics and Finance
942 _cTB
_hX:87:(G:55), R4
999 _c1233318
_d1233318